Statistics for The Weeknd Songs (Updated 2022)

Click here to take the quiz!

General Stats

  • This quiz has been taken 9,038 times
    (8,081 since last reset)
  • The average score is 61 of 113

Answer Stats

AlbumSong% Correct
StarboyStarboy
94%
After HoursAfter Hours
84%
After HoursBlinding Lights
82%
Beauty Behind The MadnessThe Hills
82%
My Dear Melancholy,Call Out My Name
81%
StarboyDie For You
75%
After HoursSave Your Tears
75%
Kiss LandKiss Land
74%
Beauty Behind The MadnessCan't Feel My Face
73%
Dawn FMDawn FM
72%
StarboyStargirl Interlude
71%
After HoursHeartless
70%
StarboyParty Monster
70%
StarboyI Feel It Coming
68%
My Dear Melancholy,I Was Never There
67%
Beauty Behind The MadnessOften
67%
Dawn FMOut Of TIme
66%
StarboyReminder
66%
House Of BalloonsThe Morning
66%
House Of BalloonsWicked Games
66%
Dawn FMIs There Someone Else?
65%
Dawn FMSacrifice
65%
Dawn FMGasoline
64%
ThursdayThursday
64%
Dawn FMTake My Breath
63%
Beauty Behind The MadnessEarned It
61%
After HoursIn Your Eyes
61%
Dawn FMLess Than Zero
61%
StarboyFalse Alarm
60%
After HoursAlone Again
59%
After HoursFaith
59%
House Of BalloonsHigh For This
59%
StarboySidewalks
59%
Dawn FMBest Friends
58%
After HoursEscape From LA
58%
House Of BalloonsHouse Of Balloons / Glass Table Girls
58%
Beauty Behind The MadnessAcquainted
57%
Echoes Of SilenceEchoes Of Silence
57%
Dawn FMHow Do I Make You Love Me?
57%
My Dear Melancholy,Hurt You
57%
Beauty Behind The MadnessIn The Night
57%
After HoursSnowchild
57%
My Dear Melancholy,Try Me
57%
StarboySecrets
55%
ThursdayThe Birds Pt. 1
55%
ThursdayThe Birds Pt. 2
55%
House Of BalloonsThe Party & The After Party
55%
Beauty Behind The MadnessAngel
54%
My Dear Melancholy,Wasted Times
54%
Echoes Of SilenceD.D.
53%
My Dear Melancholy,Privilege
53%
After HoursToo Late
52%
Kiss Land | Kiss Land (Deluxe)Wanderlust
52%
House Of BalloonsWhat You Need
52%
House Of BalloonsComing Down
51%
After HoursHardest To Love
51%
House Of BalloonsLoft Music
51%
Echoes Of SilenceMontreal
51%
Dawn FMI Heard You're Married
50%
StarboyRockin'
50%
StarboySix Feet Under
50%
Dawn FMStarry Eyes
50%
Kiss LandTears In The Rain
50%
Beauty Behind The MadnessTell Your Friends
50%
House Of BalloonsThe Knowing
50%
Beauty Behind The MadnessPrisoner
49%
After HoursScared To Live
49%
House Of BalloonsTwenty Eight
49%
Beauty Behind The MadnessShameless
48%
StarboyTrue Colors
48%
After HoursUntil I Bleed Out
48%
Echoes Of SilenceXO / The Host
48%
Dawn FMHere We Go... Again
47%
Beauty Behind The MadnessLosers
47%
Kiss LandPretty
47%
Kiss LandProfessional
47%
StarboyA Lonely Night
46%
Kiss LandThe Town
46%
ThursdayValerie
46%
StarboyOrdinary Life
45%
After HoursRepeat After Me (Interlude)
45%
ThursdayThe Zone
45%
Kiss LandAdaptation
44%
Beauty Behind The MadnessAs You Are
44%
Dawn FMA Tale By Quincy
44%
StarboyLove To Lay
44%
Beauty Behind The MadnessReal Life
44%
StarboyAll I Know
43%
Beauty Behind The MadnessDark Times
43%
Dawn FMDon't Break My Heart
43%
StarboyAttention
42%
Kiss LandBelong To The World
42%
ThursdayLonely Star
42%
Dawn FMEvery Angel is Terrifying
41%
ThursdayLife Of The Party
41%
Kiss LandLive For
41%
Kiss LandLove In The Sky
41%
Echoes Of SilenceNext
41%
After Hours (Deluxe)Nothing Compares
41%
StarboyNothing Without You
41%
Dawn FMPhantom Regret by Jim
41%
Echoes Of SilenceInitiation
40%
ThursdayRolling Stone
40%
ThursdayHeaven Or Las Vegas
39%
Echoes Of SilenceThe Fall
39%
After Hours (Deluxe)Final Lullaby
38%
ThursdayGone
38%
Echoes Of SilenceTill Dawn (Here Comes The Sun)
38%
After Hours (Deluxe)Missed You
37%
Echoes Of SilenceOutside
37%
Echoes Of SilenceSame Old Song
37%
Kiss Land (Deluxe)Odd Look
33%

Score Distribution

Percentile by Number Answered

Percent of People with Each Score

Your Score History

You have not taken this quiz since the last reset